Titanic Quiz - Statistics

General Stats
  • This quiz has been taken 581 times
  • The average score is 11 of 15
Answer Stats
Question Answer % Correct
Where was the Titanic heading before it sank? New York City
95%
In what year did the RMS Titanic sink? 1912
92%
What was the name of the company that owned the Titanic? White Star Line
90%
Who was the director of the Titanic movie? James Cameron
85%
Who was the Captain of the Titanic? Edward J. Smith
82%
What was the name of the ship that rescued the survivors of the Titanic? Carpathia
81%
Approximately how many people were aboard the Titanic on its maiden voyage? 2200
78%
Which city in Britain was the place where the Titanic was built? Belfast
67%
How many people have survived the sinking of the Titanic? More than 700
65%
How many lifeboats were there on the Titanic? 20
62%
Which one of those statements is FALSE? The Titanic has a cinema on board.
60%
When was the Titanic wreck found? 1985
54%
Who was the manager of White Star Line? J. Bruce Ismay
53%
What does the RMS stand for in Titanic's full name? Royal Mail Ship
50%
How many awards did the movie "Titanic" win? 11
44%
No matching quizzes found
Score Distribution
Percent of People with Each Score
Percentile by Number Answered
Your Score History
You have not taken this quiz